Cơ - La - Ra - Xét - Kin
Guardado en:
| Autor principal: | |
|---|---|
| Otros Autores: | , |
| Formato: | Libro |
| Publicado: |
H.
Phụ nữ
1976
|
| Materias: | |
| Etiquetas: |
Agregar Etiqueta
Sin Etiquetas, Sea el primero en etiquetar este registro!
|
| Thư viện lưu trữ: | Trung tâm Học liệu Lê Vũ Hùng, Trường Đại học Đồng Tháp |
|---|
| LEADER | 00792pam a22002418a 4500 | ||
|---|---|---|---|
| 001 | 00021641 | ||
| 005 | 20171026081025.0 | ||
| 008 | 110525s1976 ||||||Viesd | ||
| 041 | 0 | # | |a Vie |
| 082 | 1 | 4 | |a 833 |b C460L |
| 100 | 0 | # | |a In-Béc-Gơ, Gan-na |
| 245 | 0 | 0 | |a Cơ - La - Ra - Xét - Kin |c Gan-na-in-béc-gơ; Bạch Dương, Công Lý dịch |
| 260 | # | # | |a H. |b Phụ nữ |c 1976 |
| 300 | # | # | |a 263 tr. |b 19 cm. |
| 650 | # | 4 | |a Văn học hiện đại |
| 650 | # | 4 | |a Văn học Đức |
| 653 | # | # | |a Tiểu thuyết |
| 700 | 0 | # | |a Bạch Dương |e dịch |
| 700 | 0 | # | |a Công Lý |e dịch |
| 852 | # | # | |b Kho đọc |j KD.0005331 |
| 852 | # | # | |j KD.0005331 |
| 910 | 0 | # | |a B Ngọc |d 25/05/2011 |
| 980 | # | # | |a Trung tâm Học liệu Lê Vũ Hùng, Trường Đại học Đồng Tháp |